00281nam a2200109Ia 4500008004100000041000800041082001500049100002100064245002100085260004600106300001900152240719s9999 xx 000 0 und d aeng a813.54 SPA aSparks, Nicholas aWalk To Remember aNew YorkbGrand Central Publishing,c1999 a193.; P. 22 Cm